Biblioteca

La danza inmóvil : (Registro nro. 49951)

Detalles MARC
000 -LÍDER
Campo fijo de descripción fija 00784aab a2200193 i 4500
001 - NÚMERO DE CONTROL
Campo de control 768714001
003 - IDENTIFICADOR DEL NÚMERO DE CONTROL
Campo de control CO-MdFUSB
005 - FECHA Y HORA DE LA ULTIMA TRANSACCIÓN
control field 20221102164836.0
008 - ELEMENTOS DE LONGITUD FIJA -- INFORMACIÓN GENERAL
Campo fijo de descripción fija -- Información general 221102s2002 sp ||||| |||| 00| 0spa d
040 ## - FUENTE DE CATALOGACIÓN
Idioma de catalogación spa
Agencia que realiza la transcripción CO-MdFUSB
Agencia que realiza la modificación CO-MdFUSB
041 ## - CÓDIGO DE IDIOMA
Código de idioma para texto/pista de sonido o título separado spa
100 1# - ASIENTO PRINCIPAL--NOMBRE PERSONAL
Nombre personal Cardoso Pereira, Nancy
Término relacionador autor
245 13 - TÍTULO
Título La danza inmóvil :
Subtitulo cuerpo y Biblia en América Latina
Mención de responsabilidad / Nancy Cardoso Pereira
300 ## - DESCRIPCIÓN FÍSICA
Extensión C
Dimensiones ; 21 cm
520 ## - NOTA DE RESUMEN, ETC.
Nota de sumario, etc. La Danza Inmóvil, novela de Manuel Scorza, escritor peruano, habla de las luchas latinoamericanas a partir de la imagen dividida entre movimiento e inmovilidad. Escoger, optar, decidir, tomar postura...
653 ## - TÉRMINO DE INDIZACIÓN - NO CONTROLADO
Término no controlado Cuerpo y Biblia
773 0# - ASIENTO DE ITEM FUENTE
Título Concilium
Biblionumber 49450
Itemnumber 60417
Parte(s) relacionada(s) / Volumen., número. (mes año), páginas Número 295, (2002), Páginas 13- 24 ; 21 cm
Enumeración y primera página Páginas 13
942 ## - TIPO DE MATERIAL (KOHA)
Tipo de Item KOHA Artículos de Revista

No hay ítems disponibles.

Biblioteca FUSBC | Teléfono: (57+4) 349 88 10 Ext. 141| WhatsApp (+57) 3005338115 
E-mail: biblioteca@unisbc.edu.co | Calle 76 87-14 Robledo Palenque, Medellín, Colombia

Con tecnología Koha